000 00308nam a22001217a 4500
008 230621b xxu||||| |||| 00| 0 eng d
082 _a328.6
_bMAT
100 _cHansraj Mathur
245 _aParliament in Mauritius
260 _aMauritius
_bEditions de Locean indien
_c1991
300 _a321p
942 _2ddc
_cBK
999 _c2194
_d2194